000 00755nam a2200229Ii 4500
003 JO-AjNU
008 230605s9999||||xx |||||||||||||| ||und||
017 _a2002/165
040 _aJO-AjNU
_bara
_erda
_cJO-AjNU
041 _aara
050 1 4 _aPR6066 2002
100 3 _aبرغمان، إنغمار ؛ ترجمة عدنان المبارك,
_eauthor
_952607
245 0 0 _aوجها لوجه - سيناريو سينمائي
250 _aط1
264 3 1 _aبغداد: دار الشؤون الثقافية،2002
300 _a137ص
336 _atext
_btxt
_2rdacontent
337 _aunmediated
_bn
_2rdamedia
338 _avolume
_bnc
_2rdacarrier
490 0 _aسلسلة الكتب المترجمة
650 4 _aمسرح - الدنمارك
_952608
999 _aA23314
_c26882
_d26882